ABC o financiách /

Guardado en:
Detalles Bibliográficos
Autor principal: Ručinský, Rastislav (Autor)
Formato: Libro
Lenguaje:eslovaco
Publicado: Košice Oriens 2002
Edición:1. vyd.
Materias:
Etiquetas: Agregar Etiqueta
Sin Etiquetas, Sea el primero en etiquetar este registro!

MARC

LEADER 00000nam a22000003a 4500
001 0006746
003 SK-STU
005 20150904110312.2
007 ta
008 150904s ----xo-----e------000-0-----d
020 |a 80-88828-26-0 
040 |a STU  |b slo 
041 0 |a slo 
044 |a xo 
100 1 |a Ručinský, Rastislav  |4 aut 
245 1 0 |a ABC o financiách /  |c aut. Rastislav Ručinský 
250 |a 1. vyd. 
260 |a Košice  |b Oriens  |c 2002 
300 |a 243 s. 
650 0 7 |a financie 
996 |b 284M086526  |c M* 13807-1  |l MMKN  |s A  |a 24  |w 0006746_0001